000 00658nam a2200193 a 4500
003 PILC
005 20160229125600.0
008 111013s19uu xx 00 eng d
020 _a9780470160183
050 _aGT 3405
_b.Al452 2009
100 _aAllen, Judy.
245 _aConfessions of an event planner :
_bcase studies from the real world of events-how to handle the unexpected and how to be a master of discretion /
_cJudy Allen.
260 _aCanada :
_bWiley - John Wiley & Sons,
_c2009.
300 _a261 pages ;
_c23 cm.
650 _aSpecial events
_xPlanning.
650 _aSpecial events
_xIndustry.
942 _cBK
_2lcc
_kFOR
999 _c24936
_d24936